000 01783nam a2200517 i 4500
001 46702
003 KOSZ 005
005 20220505085846.0
008 040420s2004 pl a f f |000 0 pol
015 _aUWD 2009/20554
020 _a8387875848
035 _a991023117259705066
035 _a(PL-WaBN)b16231685-48omnis_nlop
035 _ab16231685
035 _a(OCoLC)749372812
035 _azz2004906516
035 _a(PL)b0000001623168
035 _a(EXLNZ-48OMNIS_NETWORK)9910469804405606
040 _aWA N
_cWA N
_dWA N
_dKOSZ 005/HR
046 _k2004
080 _a528.9
080 _a629.5.05
080 _a004.383
080 _a(075.8)
100 1 _aWeintrit, Adam
_d(1961- )
_eAutor
245 1 0 _aObsługa i wykorzystanie systemu ECDIS :
_bprzewodnik do ćwiczeń na symulatorze /
_cAdam Weintrit, Przemysław Dziula, Wacław Morgaś.
260 _aGdynia :
_bWydawnictwo Akademii Morskiej,
_c2004.
300 _a276 s. :
_bil. ;
_c25 cm +
_edysk optyczny (CD).
336 _aTekst
_btxt
_2rdacontent
337 _aBez urządzenia pośredniczącego
_bn
_2rdamedia
338 _aWolumin
_bnc
_2rdacarrier
380 _aKsiążki
388 _a2001-
504 _aBibliogr. s. 274-276.
650 7 _aECDIS (komputerowy system nawigacji)
_2DBN
650 7 _aNawigacja
_2DBN
650 7 _aSymulatory
_2DBN
655 7 _aPodręczniki akademickie
_2DBN
658 _aInżynieria i technika
700 1 _aDziula, Przemysław
_eAutor
700 1 _aMorgaś, Wacław
_eAutor
710 2 _aWydawnictwo Akademii Morskiej (Gdynia)
_4pbl
856 _uhttp://koha.tu.koszalin.pl/cgi-bin/koha/opac-detail.pl?biblionumber=46702
_yKatalog online BPK
942 _2UKD
_cKS
999 _c46702
_d46702